Rozpoznaj ptaki na zdjęciach - Statystyki

Ogólne statystyki
  • Ten quiz został rozwiązany 48 razy
  • Średni wynik to 40 z 70
Statystyki odpowiedzi
Obrazkowy Odpowiedź % Poprawnych
Czapla
100%
Indyk
86%
Gołąb
84%
Dzięcioł
81%
Kos
81%
Paw
81%
Bocian biały
78%
Dudek
78%
Gil
78%
Kaczka krzyżowka
78%
Bażant
76%
Mewa
76%
Puchacz
76%
Sroka
76%
Wróbel
76%
Bielik
73%
Gęś
73%
Sójka
73%
Żuraw
73%
Kruk
70%
Sikorka bogatka
70%
Wrona
70%
Bocian czarny
68%
Jaskółka
65%
Kawka
65%
Kormoran
65%
Gawron
62%
Łabędź czarny
62%
Orzeł przedni
62%
Pliszka
62%
Szpak
62%
Łabędź niemy
59%
Maskonur
59%
Zimorodek
59%
Grubodziób
57%
Kowalik
57%
Perkoz
57%
Sokół
57%
Głuszec
54%
Jastrząb
54%
Modraszka
54%
Sowa śnieżna
54%
Szczygieł
54%
Czajka
51%
Łyska
51%
Płomykówka
51%
Pustułka
51%
Rudzik
51%
Zięba
51%
Myszołów
49%
Rybitwa
49%
Sowa uszatka
49%
Czubatka
46%
Drozd
46%
Mysikrólik
46%
Wilga
46%
Jemiołuszka
41%
Rybołów
41%
Strzyżyk
38%
Kapturka
35%
Skowronek
35%
Głuptak
32%
Kszyk
32%
Puszczyk
32%
Orzechówka
30%
Czyżyk
27%
Nurogęś
27%
Czeczotka
24%
Słowik
19%
Świergotek
11%
Nie znaleziono quizów pasujących do podanych kryteriów
Rozkład punktacji
Procent ludzi z każdym wynikiem
Percentyl według liczby udzielonych odpowiedzi
Twoja historia wyników
Nie rozwiązałeś tego quizu